| 000 | 01917cam a22004577a 4500 | ||
|---|---|---|---|
| 001 | 10188224 | ||
| 003 | OSt | ||
| 005 | 20150408114203.0 | ||
| 006 | m d | ||
| 007 | cr n | ||
| 008 | 120510s2013 nyu sb 001 0 eng d | ||
| 016 | 7 |
_a016111799 _2Uk |
|
| 020 | _a9781461445371 (alk. paper) | ||
| 020 | _a146144537X (alk. paper) | ||
| 020 | _a9781461445388 (ebk.) | ||
| 035 | _a(WaSeSS)ssj0000813281 | ||
| 040 |
_aBTCTA _beng _cBTCTA _dUKMGB _dINT _dOCLCO _dYDXCP _dOHX _dBWX _dZ@L _dDLC _dWaSeSS |
||
| 042 | _alccopycat | ||
| 050 | 4 |
_aQA303.2 _b.P46 2013 |
|
| 050 | 4 | _aQA402.5 | |
| 072 | 7 |
_aQA _2lcco |
|
| 082 | 0 | 4 |
_a515 _223 _bPJC |
| 100 | 1 |
_aPenot, Jean-Paul, _d1942- _942056 |
|
| 210 | 1 | 0 | _aCalculus without derivatives |
| 245 | 1 | 0 |
_aCalculus without derivatives _h[electronic resource] / _cJean-Paul Penot. |
| 260 |
_aNew York : _bSpringer, _cc2013. |
||
| 490 | 1 |
_aGraduate texts in mathematics ; _v266 |
|
| 504 | _aIncludes bibliographical references (p. 479-517) and index. | ||
| 505 | 0 | _aMetric and Topological Tools -- Elements of Differential Calculus -- Elements of Convex Analysis -- Elementary and Viscosity Subdifferentials -- Circa-Subdifferentials, Clarke Subdifferentials -- Limiting Subdifferentials -- Graded Subdifferentials, Ioffe Subdifferentials. | |
| 506 | _aLicense restrictions may limit access. | ||
| 650 | 0 | _aCalculus. | |
| 650 | 0 |
_aDifferential calculus. _942057 |
|
| 650 | 0 |
_aFunctional analysis. _94418 |
|
| 650 | 0 |
_aNonsmooth optimization. _942058 |
|
| 650 | 0 |
_aMathematical optimization. _912151 |
|
| 773 | 0 | _tSpringerLink ebooks - Mathematics and Statistics (2013) | |
| 830 | 0 |
_aGraduate texts in mathematics ; _v266. _942059 |
|
| 856 | 4 | 0 |
_uhttp://www.columbia.edu/cgi-bin/cul/resolve?clio10188224 _zFull text available from SpringerLink ebooks - Mathematics and Statistics (2013) |
| 910 | _aLibrary of Congress record | ||
| 942 |
_2ddc _cDVD |
||
| 999 |
_c33135 _d267635 |
||